LEADER 01438nas a2200265 i 4500 001 000000159670 003 CaOOAMICUS 005 20070312000000.0 008 070301b2006 be uu u0 0mul r 013 $a137033 040 $aSeMil$bita 245 10$a[2006 : Juill.-Déc. = Juli-Dec.] /$cComité de Rédaction = Redactiecomité R. Aubert ... [et al.] ; Comité de Direction = Kernredactie J. Roegiers ... [et al.]. 260 $aLouvain-la-Neuve = Leuven :$bBureaux de la RHE,$c2006. 300 $aP. [963]-1481, 216 p. ;$c25 cm. 500 $aArticoli con sintesi in francese [Résumé], in inglese [Summary] e in tedesco [Zusammenfassung] in coda. - Contiene : Bibliographie. - Titolo e formulazioni di responsabilità dalla copertina. 700 1 $aRoegiers, Jan <1944-2013>.$0(OLS)http://semarc/name/41941 700 1 $aAubert, Roger,$d<1914-2009>.$0(OLS)http://semarc/name/441 700 1 $aBelgique : Ministère de la Communauté Flamande.$0(OLS)http://semarc/name/41940 710 2 $aFondation Universitaire de Belgique.$0(OLS)http://semarc/name/7297 774 0 $t[vedi periodico].$w()265993 850 $aSeMil 852 $aSeMil$W1$xVenegono$y1$m24 4 35$j111227$B111227$CSeMilBibl$Z2$F121474 $85 961 $aCambio: Scuola Cattolica 996 $6245$a[2006 : Juill.-Déc. = Juli-Dec.]$9(OLS)http://semarc/title/141861 996 $6260$aLouvain-la-Neuve = Leuven :$bBureaux de la RHE$9(OLS)http://semarc/publisher/44241 LEADER 01382nam a2200277 4500 001 000000348507 003 CaOOAMICUS 005 20211126142233.0 008 211115s1999 it a 000 u ita r 020 $a88-04-45050-9 040 $aSeMil$bita 245 03$aLe preghiere più belle del mondo :$bper chiedere aiuto, per meditare, per trovare la serenità /$cdom Valerio Cattana (a cura di) ; con la collaborazione di Claudia Galli e Vito Mancuso. 264 1$aMilano :$bMondadori,$c1999. 300 $a287 p. :$bill. ;$c20 cm 650 4$aPreghiera - Meditazioni.$0(OLS)http://semarc/subject/1470 650 4$aPreghiere - Testi.$0(OLS)http://semarc/subject/6541 700 1 $aMancuso, Vito,$d<1962->.$0(OLS)http://semarc/name/1176 700 1 $aCattana, Valerio Maria,$c.$0(OLS)http://semarc/name/90457 700 1 $aGalli, Claudia.$0(OLS)http://semarc/name/115017 850 $aSeMil 852 $aSeMil$W1$xVenegono$y1$m2C I 184$j230601$B239577$CSeMilBibl$Z2$F239577 $81 961 $aPontiggia don Virginio - Omaggio 996 $6020$a88-04-45050-9$9(OLS)http://semarc/number/294567 996 $6245$aLe preghiere più belle del mondo :$bper chiedere aiuto, per meditare, per trovare la serenità$9(OLS)http://semarc/title/437912 996 $6264$aMilano :$bMondadori$9(OLS)http://semarc/publisher/30335 LEADER 00757nam a2200205 i 4500 001 000000254680 003 CaOOAMICUS 005 20241218145922.0 008 170614s1831 it u000 u ita u 013 $a233585 040 $aSeMil$bita 245 10$aVol. 2. 300 $aP. 244-550. 773 0 $aGiambullari, Pier Francesco <1495-1555>$tIstoria dell'Europa.$b6. ed. purgata di molti errori delle precedenti.$dLivorno : Dai Torchi di Glauco Masi, 1831-1832.$kScelta biblioteca di storici italiani$g2$w()4394 850 $aSeMil 852 $aSeMil$W1$xVenegono$y1$m3V I 276 FA$j205026$B205026$CSeMilBibl$Z2$F218548 $8I 941 1 $a10 961 $aRecupero: Mantegazza 996 $6245$aVol. 2$9(OLS)http://semarc/title/13458 LEADER 00920nam a2200241 i 4500 001 000000234055 003 CaOOAMICUS 005 20141003000000.0 008 141003s1893 it u000 u ita u 013 $a212958 040 $aSeMil$bita 100 1 $aFaralli, Giovanni.$0(OLS)http://semarc/name/80282 245 10$aIgiene della vita pubblica e privata /$cdel dottore Giovanni Faralli. 260 $aMilano :$bUlrico Hoepli,$c1893. 300 $aXII, 259 p. ;$c16 cm. 490 0 $aManuali Hoepli 650 4$aIgiene.$0(OLS)http://semarc/subject/37058 830 0$aManuali Hoepli.$0(OLS)http://semarc/title/7639 850 $aSeMil 852 $aSeMil$W1$xVenegono$y1$m2ZA V 6 FA$j184401$B184401$CSeMilBibl$Z2$F195386 $8I 961 $aOmaggio: Altro 996 $6245$aIgiene della vita pubblica e privata$9(OLS)http://semarc/title/334119 996 $6260$aMilano :$bUlrico Hoepli$9(OLS)http://semarc/publisher/29765 LEADER 00817nam a2200241 i 4500 001 000000110566 003 CaOOAMICUS 005 20250516120742.0 008 021206s2001 gw u000 u ger u 013 $a83247 020 $a3-7867-2309-5 020 $a3-506-74562-X 040 $aSeMil$bita 245 10$aBand 2 /$cRomano Guardini. 300 $a434 p. 773 0 $aGuardini, Romano <1885-1968>$tWurzeln eines großen Lebenswerks.$w()8094 850 $aSeMil 852 $aSeMil$W1$xVenegono$y1$m2LL III 25$j257065$B66443$CSeMilBibl$Z2$F77257 $81 961 $aOmaggio: Martini Card. Carlo Maria 996 $6020$a3-7867-2309-5$9(OLS)http://semarc/number/92400 996 $6020$a3-506-74562-X$9(OLS)http://semarc/number/92401 996 $6245$aBand 2$9(OLS)http://semarc/title/264969 LEADER 01201nam a2200289 i 4500 001 000000114514 003 CaOOAMICUS 005 20030417000000.0 008 030417s1990 it u000 u ita u 013 $a87200 020 $a88-10-20548-0 040 $aSeMil$bita 100 1 $aGhini, Emanuela.$0(OLS)http://semarc/name/19202 245 10$aLettera ai Colossesi :$bcommento pastorale /$cEmanuela Ghini. 260 $aBologna :$bEDB,$c1990. 300 $a256 p. ;$c24 cm. 490 0 $aLettura pastorale della Bibbia ;$v21 500 $aFondo Card. C.M. Martini. 650 4$aBibbia. Nuovo Testamento. Lettera ai Colossesi - Commentari, studi, critica, interpretazioni.$0(OLS)http://semarc/subject/9438 830 0$aLettura pastorale della Bibbia ;$v21.$0(OLS)http://semarc/title/557 850 $aSeMil 852 $aSeMil$W1$xVenegono$y1$m2YA W 21$j265002$B70078$CSeMilBibl$Z2$F93823 $81 941 1 $a4 961 $aOmaggio: Martini Card. Carlo Maria 996 $6020$a88-10-20548-0$9(OLS)http://semarc/number/62771 996 $6245$aLettera ai Colossesi :$bcommento pastorale$9(OLS)http://semarc/title/167415 996 $6260$aBologna :$bEDB$9(OLS)http://semarc/publisher/29669 LEADER 01713nam a2200325 i 4500 001 000000145327 003 CaOOAMICUS 005 20210302143410.0 008 051122s2005 sz u000 u fre u 013 $a120719 020 $a3-8271-0991-3 020 $a3-525-53009-9 040 $aSeMil$bita 100 1 $aBarthélemy, Dominique,$c.$0(OLS)http://semarc/name/4752 245 10$a4: Psaumes /$cDominique Barthélemy ; édité à partir du manuscript inachevé de Dominique Barthélemy par Stephen Desmond Ryan et Adrian Schenker. 264 1$aFribourg :$bAcademic Press ;$aGöttingen :$bVandenhoeck & Ruprecht,$c2005. 300 $axlvii, 931 p. ;$c23 cm. 490 1 $aOrbis Biblicus et Orientalis ;$v50/4 700 1 $aRyan, Stephen Desmond,$c.$0(OLS)http://semarc/name/52585 700 1 $aSchenker, Adrian,$c.$0(OLS)http://semarc/name/89729 773 0 $aBarthélemy, Dominique $tCritique textuelle de l'Ancien Testament.$dGöttingen : Vandenhoeck & Ruprecht ; Fribourg, Suisse : Éditions Universitaires, 1982-2015.$kOrbis Biblicus et Orientalis$g4$w()14528 830 0$aOrbis Biblicus et Orientalis ;$v50/4.$0(OLS)http://semarc/title/283 850 $aSeMil 852 $aSeMil$W1$xVenegono$y1$m2U VI 250/4$j227967$B98125$CSeMilBibl$Z2$F106044 $81 996 $6020$a3-8271-0991-3$9(OLS)http://semarc/number/133778 996 $6020$a3-525-53009-9$9(OLS)http://semarc/number/133779 996 $6245$a4: Psaumes$9(OLS)http://semarc/title/433674 996 $6264$aFribourg :$bAcademic Press$9(OLS)http://semarc/publisher/34196 996 $6264$aGöttingen :$bVandenhoeck & Ruprecht$9(OLS)http://semarc/publisher/29697 LEADER 01611nam a2200289 i 4500 001 000000116483 003 CaOOAMICUS 005 20080228000000.0 008 080228s1979 fr u000 u fre u 013 $a89172 020 $a2-13-036306-7 040 $aSeMil$bita 100 1 $aLévitte, Georges.$0(OLS)http://semarc/name/7458 245 10$aJérusalem l'unique et l'universel :$bdonnées et débats : 19. Colloque d'Intellectuels juifs de Langue française organisé par la Section Française du Congrès Juif Mondial /$ctextes introduits, présentés et revus par Jean Halpérin et Georges Lévitte. 260 $aParis :$bPresses Universitaires de France,$c1979. 300 $a205 p. ;$c24 cm. 500 $aIn testa al front. : Congrès juif mondial. - Fondo Card. C.M. Martini. 650 4$aGerusalemme - Atti di congressi.$0(OLS)http://semarc/subject/21481 700 1 $aHalpérin, Jean <1921->.$0(OLS)http://semarc/name/45585 700 1 $aColloque des intellectuels juifs de Langue française <19.>.$0(OLS)http://semarc/name/48668 850 $aSeMil 852 $aSeMil$W1$xVenegono$y1$m2V V 60$j270469$B71921$CSeMilBibl$Z2$F102215 $81 941 1 $a4 961 $aOmaggio: Martini Card. Carlo Maria 996 $6020$a2-13-036306-7$9(OLS)http://semarc/number/100620 996 $6245$aJérusalem l'unique et l'universel :$bdonnées et débats : 19. Colloque d'Intellectuels juifs de Langue française organisé par la Section Française du Congrès Juif Mondial$9(OLS)http://semarc/title/170820 996 $6260$aParis :$bPresses Universitaires de France$9(OLS)http://semarc/publisher/30047